| 000 | 01046nac a22003011u 4500 | ||
|---|---|---|---|
| 003 | EG-ScBUE | ||
| 005 | 20220124140820.0 | ||
| 008 | 200219s1995 pau f 000 f eng d | ||
| 020 | _a1561386537 | ||
| 020 | _a9781561386536 | ||
| 040 |
_aEG-ScBUE _beng _erda _cEG-ScBUE _dEG-ScBUE |
||
| 082 | 0 | 4 |
_a823.8 _bHAR _222 |
| 100 | 1 |
_aHardy, Thomas, _d1840-1928, _eauthor. _938810 |
|
| 245 | 1 | 0 |
_aTess of the D'Urbervilles : _ba pure woman faithfully presented in three volumes / _cThomas Hardy. |
| 264 | 1 |
_aPhiladelphia : _bCourage Books, _c1995. |
|
| 300 |
_a527 pages ; _c20 cm |
||
| 336 |
_2rdacontent _atext _btxt |
||
| 337 |
_2rdamedia _aunmediated _bn |
||
| 338 |
_2rdacarrier _avolume _bnc |
||
| 650 | 7 |
_aTriangles (Interpersonal relations) _vfiction. _2BUEsh |
|
| 650 | 7 |
_aChildren of clergy _vfiction. _2BUEsh |
|
| 650 | 7 |
_aWomen domestics _vfiction. _2BUEsh |
|
| 650 | 7 |
_aMan-woman relationships _vfiction. _2BUEsh _935180 |
|
| 651 | _2BUEsh | ||
| 653 |
_bHHUUEENN _cJanuary2021 |
||
| 655 |
_vReading book _934232 |
||
| 942 |
_cBB _2ddc |
||
| 999 |
_c6095 _d6095 |
||